Fit and superfit / (Record no. 2491)
[ view plain ]
| 000 -LEADER | |
|---|---|
| fixed length control field | nam a22 a 4500 |
| 005 - DATE AND TIME OF LATEST TRANSACTION | |
| control field | 20170516164505.0 |
| 008 - FIXED-LENGTH DATA ELEMENTS--GENERAL INFORMATION | |
| fixed length control field | 170516b1985 enk||||| |||| 00| 0 eng d |
| 020 ## - INTERNATIONAL STANDARD BOOK NUMBER | |
| International Standard Book Number | 0713715863 (pbk) |
| Terms of availability | £1.95 |
| 040 ## - CATALOGING SOURCE | |
| Original cataloging agency | AKMAL |
| 082 ## - DEWEY DECIMAL CLASSIFICATION NUMBER | |
| Edition number | 19 |
| Classification number | 613.71 PLU |
| 090 ## - LOCALLY ASSIGNED LC-TYPE CALL NUMBER (OCLC); LOCAL CALL NUMBER (RLIN) | |
| Classification number (OCLC) (R) ; Classification number, CALL (RLIN) (NR) | 613.71 |
| Local cutter number (OCLC) ; Book number/undivided call number, CALL (RLIN) | PLU |
| 100 ## - MAIN ENTRY--PERSONAL NAME | |
| Personal name | Plumridge, Laurie. |
| 9 (RLIN) | 5180 |
| 245 ## - TITLE STATEMENT | |
| Title | Fit and superfit / |
| Statement of responsibility, etc. | Laurie Plumridge. |
| 260 ## - PUBLICATION, DISTRIBUTION, ETC. | |
| Place of publication, distribution, etc. | Poole |
| Name of publisher, distributor, etc. | Javelin |
| Date of publication, distribution, etc. | 1985. |
| 300 ## - PHYSICAL DESCRIPTION | |
| Extent | [110]p. |
| Other physical details | ill., forms |
| Dimensions | 20cm |
| 650 ## - SUBJECT ADDED ENTRY--TOPICAL TERM | |
| Topical term or geographic name entry element | Exercise. |
| 9 (RLIN) | 5181 |
| 650 ## - SUBJECT ADDED ENTRY--TOPICAL TERM | |
| Topical term or geographic name entry element | Physical fitness. |
| 9 (RLIN) | 4512 |
| 852 ## - LOCATION | |
| Location | British Library |
| Sublocation or collection | HMNTS |
| 942 ## - ADDED ENTRY ELEMENTS (KOHA) | |
| Source of classification or shelving scheme | |
| Koha item type | Book |
| Withdrawn status | Lost status | Source of classification or shelving scheme | Damaged status | Not for loan | Collection code | Home library | Current library | Shelving location | Date acquired | Inventory number | Total Checkouts | Full call number | Barcode | Date last seen | Price effective from | Koha item type |
|---|---|---|---|---|---|---|---|---|---|---|---|---|---|---|---|---|
| NON-FICTION | AKMAL Melaka | AKMAL Melaka | PINJAMAN | 16.05.2017 | 600959 | 613.71 PLU | 201703135 | 16.05.2017 | 16.05.2017 | Book |
